000 00896nam a2200325Ia 4500
001 84637
003 IT-RoPAU
008 130308s9999 xx 000 0 und d
040 _aIT-RoPAU
040 _cIT-RoPAU
041 _aINGLESE
100 _aStilgoe Richard
100 _gCodice Aut. SPICS: 18947
245 _aOnly You
245 _bAndrew Lloyd Webber Anthology (The)
250 _a1a ed.
260 _aLONDON
260 _bReally Useful Group Plc
260 _c1987 [1° Ed.:1987 - Ed.Ling.Originale:1984]
300 _a"2 p. (prefazione: no ; testo: 2 [pagine: 112-113])"
500 _aTesto di Stilgoe e Musica di Webber Serie Starlight Express
650 _aAUTORI/OPERE DI MUSICA
650 _eCodice materia Spics: 7007
700 _aWebber Andrew Lloyd
700 _gCodice Aut. SPICS: 11199
942 _cBK
957 _71
999 _c58898
_d58898
999 _bSI
999 _g1